| 000 | 00863nam a2200217 a 4500 | ||
|---|---|---|---|
| 003 | 0 | ||
| 005 | 20250318090107.0 | ||
| 008 | 071127s19uu xx 00 eng d | ||
| 050 |
_aPGS LB 1065.P37 _b.F992 2007 |
||
| 100 | _aFuruki, Meira T. | ||
| 245 |
_aEffects of parental absence on attitude towards schoolworks / _cMeira T. Furuki. |
||
| 260 |
_aLas PiƱas City, Philippines : _bSouthville International School and Colleges, _c2007. |
||
| 300 |
_a36 pages : _billustrations ; _c28 cm. |
||
| 504 | _aIncludes bibliographical references. | ||
| 650 |
_aParental absence _vEducational aspects. |
||
| 650 |
_aStudy habits _vPsychological aspects. |
||
| 650 |
_aMotivation in education _vInfluences. |
||
| 650 |
_aParent and child _vSeparation _vPsychological effects. |
||
| 650 |
_aElementary school students _vAttitudes toward school. |
||
| 942 |
_2lcc _cPASS |
||
| 999 |
_c97708 _d97708 |
||